| 000 | 00513cam a2200181ua 4500 | ||
|---|---|---|---|
| 020 |
_a0-340-36572-2 _cE 1.65 |
||
| 041 |
_aeng _h |
||
| 082 |
_a604.2 _bSIM/PR |
||
| 100 | _aSimmons, Collin H . | ||
| 245 |
_aProgressive engineering drawing for TEC students / _cColin H Simmons. _hTextual Documents |
||
| 260 |
_aLondon : _bThe English Language book society , _c1984. |
||
| 300 | _a220 ; . | ||
| 365 | _aE 1.65 | ||
| 504 | _a | ||
| 700 | 1 | _aMaguire, Dennis C . | |
| 942 | _cBK | ||
| 999 |
_c10196 _d10196 |
||